[Event "Team Championship Russia (Blitz, Men)"]
[Site "Sochi"]
[Date "2018.10.10"]
[Round "5.16"]
[White "Kozionov, Kirill"]
[Black "Kezin, Roman"]
[Result "0-1"]
[BlackElo "2575"]
[WhiteElo "2442"]
[LiveChessVersion "1.4.8"]

1. d4 {[%clk 0:03:03]} d5 {[%clk 0:03:04]} 2. c4 e6 3. Nf3 {[%clk 0:03:05]} Nf6
{[%clk 0:03:06]} 4. Nc3 {[%clk 0:03:06]} c6 {[%clk 0:03:07]} 5. Bg5
{[%clk 0:03:06]} dxc4 {[%clk 0:03:08]} 6. a4 {[%clk 0:03:07]} b5 {[%clk 0:02:47]}
7. axb5 {[%clk 0:02:45]} cxb5 {[%clk 0:02:48]} 8. Nxb5 {[%clk 0:02:46]} Qb6
{[%clk 0:02:48]} 9. Na3 {[%clk 0:02:44]} Qxb2 {[%clk 0:02:02]} 10. Nxc4
{[%clk 0:02:25]} Bb4+ {[%clk 0:01:53]} 11. Bd2 {[%clk 0:02:13]} Bxd2+
{[%clk 0:01:52]} 12. Nfxd2 {[%clk 0:01:55]} Qxd4 {[%clk 0:01:47]} 13. e3
{[%clk 0:01:53]} Qc5 {[%clk 0:01:34]} 14. Ra5 {[%clk 0:01:47]} Qc7
{[%clk 0:00:57]} 15. Qa4+ {[%clk 0:01:33]} Nc6 {[%clk 0:00:38]} 16. Ne5
{[%clk 0:01:24]} Bd7 {[%clk 0:00:19]} 17. Nxd7 {[%clk 0:00:30]} Nxd7
{[%clk 0:00:20]} 18. Ra6 {[%clk 0:00:31]} Nce5 {[%clk 0:00:19]} 19. Qa3
{[%clk 0:00:26]} Rc8 {[%clk 0:00:09]} 20. Ke2 {[%clk 0:00:16]} f5
{[%clk 0:00:09]} 21. Rxe6+ {[%clk 0:00:12]} Kf7 {[%clk 0:00:08]} 22. Re7+
{[%clk 0:00:11]} Kf6 {[%clk 0:00:07]} 23. f4 {[%clk 0:00:08]} Nc6
{[%clk 0:00:06]} 24. Rxd7 {[%clk 0:00:04]} Qxd7 {[%clk 0:00:07]} 25. Nc4
{[%clk 0:00:04]} Rcd8 {[%clk 0:00:06]} 26. Kf2 {[%clk 0:00:05]} h6
{[%clk 0:00:06]} 27. Be2 {[%clk 0:00:06]} Kg6 {[%clk 0:00:07]} 28. Rd1
{[%clk 0:00:07]} Qe7 {[%clk 0:00:07]} 29. Qa6 {[%clk 0:00:07]} Qf6
{[%clk 0:00:08]} 30. Rc1 {[%clk 0:00:06]} Kh7 {[%clk 0:00:07]} 31. Bf3
{[%clk 0:00:06]} Nb4 {[%clk 0:00:05]} 32. Qxf6 {[%clk 0:00:05]} Nd3+
{[%clk 0:00:06]} 33. Kg3 {[%clk 0:00:04]} gxf6 {[%clk 0:00:07]} 34. Ra1
{[%clk 0:00:05]} Rhg8+ {[%clk 0:00:07]} 35. Kh4 {[%clk 0:00:07]} Rg7
{[%clk 0:00:09]} 36. Na5 {[%clk 0:00:05]} Nc5 {[%clk 0:00:05]} 37. Nc6
{[%clk 0:00:06]} Rd2 {[%clk 0:00:05]} 38. Ra5 {[%clk 0:00:04]} Rc2
{[%clk 0:00:04]} 39. Nd4 {[%clk 0:00:03]} Rc3 {[%clk 0:00:03]} 40. Nxf5
{[%clk 0:00:04]} Rc7 {[%clk 0:00:04]} 41. Ra1 {[%clk 0:00:04]} Ne6
{[%clk 0:00:04]} 42. Rd1 {[%clk 0:00:05]} Ng7 {[%clk 0:00:04]} 43. Ng3
{[%clk 0:00:04]} Rc1 {[%clk 0:00:05]} 44. Rd6 {[%clk 0:00:05]} f5
{[%clk 0:00:04]} 45. Rd8 {[%clk 0:00:05]} Rc8 {[%clk 0:00:05]} 46. Rd7
{[%clk 0:00:06]} R1c7 {[%clk 0:00:06]} 47. Rd6 {[%clk 0:00:06]} Rf8
{[%clk 0:00:04]} 48. Ne2 {[%clk 0:00:05]} Re7 {[%clk 0:00:04]} 49. Rd3
{[%clk 0:00:03]} Rfe8 {[%clk 0:00:05]} 50. Ra3 {[%clk 0:00:04]} Rxe3
{[%clk 0:00:05]} 51. Ra2 {[%clk 0:00:03]} R8e7 {[%clk 0:00:04]} 52. Nd4
{[%clk 0:00:05]} Rd3 {[%clk 0:00:05]} 53. Nc6 {[%clk 0:00:05]} Rc7
{[%clk 0:00:04]} 54. Nxa7 {[%clk 0:00:05]} Rb3 {[%clk 0:00:05]} 55. Ra6
{[%clk 0:00:03]} Ne8 {[%clk 0:00:04]} 56. Nc6 {[%clk 0:00:04]} Ng7
{[%clk 0:00:04]} 57. Ne5 {[%clk 0:00:04]} Rbc3 {[%clk 0:00:04]} 58. Ra8
{[%clk 0:00:04]} Rc8 {[%clk 0:00:05]} 59. Ra7 {[%clk 0:00:05]} R3c7
{[%clk 0:00:06]} 60. Ra6 {[%clk 0:00:07]} Re7 {[%clk 0:00:06]} 61. Ra4
{[%clk 0:00:05]} Rcc7 {[%clk 0:00:06]} 62. Rb4 {[%clk 0:00:05]} Re6
{[%clk 0:00:07]} 63. g3 {[%clk 0:00:05]} Rd6 {[%clk 0:00:07]} 64. Rb2
{[%clk 0:00:05]} Ra7 {[%clk 0:00:05]} 65. Be2 {[%clk 0:00:05]} Re6
{[%clk 0:00:05]} 66. Bc4 {[%clk 0:00:06]} Rd6 {[%clk 0:00:04]} 67. Bf7
{[%clk 0:00:07]} Rf6 {[%clk 0:00:03]} 68. Bd5 {[%clk 0:00:08]} Ra5
{[%clk 0:00:03]} 69. Bf3 {[%clk 0:00:08]} Ra7 {[%clk 0:00:04]} 70. Rb8
{[%clk 0:00:09]} Rfa6 {[%clk 0:00:03]} 71. Bd5 {[%clk 0:00:10]} Ne6
{[%clk 0:00:04]} 72. Nc6 {[%clk 0:00:06]} Rc7 {[%clk 0:00:04]} 73. Ne5
{[%clk 0:00:05]} Rd6 {[%clk 0:00:04]} 74. Ba2 {[%clk 0:00:05]} Nd4
{[%clk 0:00:03]} 75. Bb3 {[%clk 0:00:06]} Kg7 {[%clk 0:00:04]} 76. Bc4
{[%clk 0:00:05]} Nf3+ {[%clk 0:00:04]} 77. Nxf3 {[%clk 0:00:05]} Rxc4
{[%clk 0:00:05]} 78. Rb7+ {[%clk 0:00:05]} Kf6 {[%clk 0:00:05]} 79. Ne5
{[%clk 0:00:06]} Rc2 {[%clk 0:00:06]} 80. h3 {[%clk 0:00:07]} Ke6
{[%clk 0:00:06]} 81. Rh7 {[%clk 0:00:07]} Kd5 {[%clk 0:00:06]} 82. Rf7
{[%clk 0:00:05]} Ke4 {[%clk 0:00:07]} 83. Re7 {[%clk 0:00:06]} Kd5
{[%clk 0:00:06]} 84. Rf7 {[%clk 0:00:04]} Ke4 {[%clk 0:00:07]} 85. Re7
{[%clk 0:00:05]} Kd5 {[%clk 0:00:04]} 86. Rf7 {[%clk 0:00:06]} Ke6
{[%clk 0:00:05]} 87. Rh7 {[%clk 0:00:05]} Kd5 {[%clk 0:00:05]} 88. Rf7
{[%clk 0:00:03]} Ke4 {[%clk 0:00:06]} 89. Re7 {[%clk 0:00:04]} Rd1 90. Nf7+
{[%clk 0:00:04]} Kf3 {[%clk 0:00:03]} 91. Ne5+ {[%clk 0:00:04]} Kg2
{[%clk 0:00:04]} 92. Ng6 {[%clk 0:00:03]} Rd3 {[%clk 0:00:04]} 93. Ne5
{[%clk 0:00:03]} Rxg3 {[%clk 0:00:05]} 94. Kh5 {[%clk 0:00:03]} Rxh3+
{[%clk 0:00:06]} 95. Kg6 {[%clk 0:00:04]} Rf2 {[%clk 0:00:07]} 96. Kxf5
{[%clk 0:00:05]} Rh4 {[%clk 0:00:08]} 97. Ng6 {[%clk 0:00:06]} Rh3
{[%clk 0:00:09]} 98. Rg7 {[%clk 0:00:05]} Kf1 {[%clk 0:00:10]} 99. Rh7
{[%clk 0:00:04]} h5 {[%clk 0:00:09]} 100. Kf6 {[%clk 0:00:06]} Ke2
{[%clk 0:00:07]} 101. f5 {[%clk 0:00:06]} Ke3 {[%clk 0:00:07]} 102. Kg5
{[%clk 0:00:05]} Rg2+ {[%clk 0:00:05]} 103. Kf6 {[%clk 0:00:06]} Rf2
{[%clk 0:00:06]} 104. Kg5 {[%clk 0:00:07]} Rg3+ {[%clk 0:00:06]} 105. Kf6
{[%clk 0:00:07]} Rh3 {[%clk 0:00:05]} 106. Kg5 {[%clk 0:00:09]} Rg2+
{[%clk 0:00:05]} 107. Kf6 {[%clk 0:00:10]} Ke4 {[%clk 0:00:05]} 108. Re7+
{[%clk 0:00:08]} Kf3 {[%clk 0:00:04]} 109. Ra7 {[%clk 0:00:06]} Re2
{[%clk 0:00:04]} 110. Ra3+ {[%clk 0:00:05]} Re3 {[%clk 0:00:05]} 111. Ra2
{[%clk 0:00:06]} Ke4 {[%clk 0:00:03]} 112. Ra4+ {[%clk 0:00:05]} Kf3
{[%clk 0:00:03]} 113. Ne5+ {[%clk 0:00:05]} Kg3 {[%clk 0:00:04]} 114. Ra2
{[%clk 0:00:04]} Rh2 {[%clk 0:00:05]} 115. Ra8 {[%clk 0:00:03]} Rhe2
{[%clk 0:00:03]} 116. Rg8+ {[%clk 0:00:04]} Kf4 {[%clk 0:00:04]} 117. Ng6+
{[%clk 0:00:05]} Ke4 {[%clk 0:00:04]} 118. Rh8 {[%clk 0:00:05]} Rh2
{[%clk 0:00:04]} 119. Re8+ {[%clk 0:00:05]} Kd4 {[%clk 0:00:05]} 120. Rd8+
{[%clk 0:00:06]} Kc5 {[%clk 0:00:05]} 121. Nf4 {[%clk 0:00:06]} h4
{[%clk 0:00:05]} 122. Ne6+ {[%clk 0:00:04]} Kc4 {[%clk 0:00:06]} 123. Rd4+
{[%clk 0:00:04]} Kc3 {[%clk 0:00:07]} 124. Rg4 {[%clk 0:00:04]} h3
{[%clk 0:00:08]} 125. Rh4 {[%clk 0:00:03]} Rf2 {[%clk 0:00:07]} 126. Ng5
{[%clk 0:00:04]} h2 {[%clk 0:00:08]} 127. Kg6 {[%clk 0:00:03]} Re1
{[%clk 0:00:09]} 128. f6 {[%clk 0:00:05]} Kb2 {[%clk 0:00:06]} 129. Rb4+
{[%clk 0:00:03]} Ka3 {[%clk 0:00:07]} 130. Rh4 {[%clk 0:00:03]} h1=Q
{[%clk 0:00:08]} 131. Rxh1 {[%clk 0:00:04]} Rxh1 {[%clk 0:00:09]} 132. f7
{[%clk 0:00:04]} Rg1 {[%clk 0:00:08]} 133. Kh6 {[%clk 0:00:04]} Rxg5
{[%clk 0:00:08]} 0-1

[Event "Team Championship Russia (Blitz, Men)"]
[Site "Sochi"]
[Date "2018.10.10"]
[Round "5.17"]
[White "Alekseenko, Kirill"]
[Black "Potapov, Pavel"]
[Result "1-0"]
[BlackElo "2459"]
[WhiteElo "2613"]
[LiveChessVersion "1.4.8"]

1. d4 {[%clk 0:03:03]} d5 {[%clk 0:03:03]} 2. Nc3 {[%clk 0:03:04]} g6
{[%clk 0:02:57]} 3. Bf4 {[%clk 0:03:04]} Bg7 {[%clk 0:02:57]} 4. e3
{[%clk 0:03:05]} Nf6 {[%clk 0:02:55]} 5. h4 {[%clk 0:03:05]} h5 {[%clk 0:02:51]}
6. Nf3 {[%clk 0:03:04]} O-O {[%clk 0:02:45]} 7. Ne5 {[%clk 0:03:02]} c5
{[%clk 0:02:26]} 8. f3 {[%clk 0:02:58]} Nc6 {[%clk 0:02:25]} 9. Qd2
{[%clk 0:02:42]} Nd7 {[%clk 0:02:03]} 10. Nxd5 {[%clk 0:02:23]} cxd4
{[%clk 0:01:49]} 11. exd4 {[%clk 0:02:18]} Ndxe5 {[%clk 0:01:47]} 12. dxe5
{[%clk 0:02:19]} Nxe5 {[%clk 0:01:42]} 13. O-O-O {[%clk 0:02:11]} Be6
{[%clk 0:01:42]} 14. Kb1 {[%clk 0:02:04]} Bxd5 {[%clk 0:01:31]} 15. Qxd5
{[%clk 0:02:05]} Qb6 {[%clk 0:01:32]} 16. Qb5 {[%clk 0:01:40]} Rad8
{[%clk 0:01:26]} 17. Be2 {[%clk 0:01:41]} Qxb5 {[%clk 0:01:17]} 18. Bxb5
{[%clk 0:01:42]} Nc6 {[%clk 0:01:17]} 19. c3 {[%clk 0:01:42]} a6 {[%clk 0:01:11]}
20. Be2 {[%clk 0:01:34]} Rxd1+ {[%clk 0:01:10]} 21. Rxd1 {[%clk 0:01:34]} Rd8
{[%clk 0:01:11]} 22. Rh1 {[%clk 0:01:17]} e5 {[%clk 0:01:06]} 23. Bg5
{[%clk 0:01:18]} f6 {[%clk 0:01:04]} 24. Be3 {[%clk 0:01:19]} f5 {[%clk 0:01:02]}
25. Kc2 {[%clk 0:01:21]} Bf6 {[%clk 0:01:00]} 26. a4 {[%clk 0:01:21]} Ne7
{[%clk 0:00:56]} 27. Bb6 {[%clk 0:01:17]} Rd7 {[%clk 0:00:49]} 28. Bf2
{[%clk 0:01:07]} Kg7 {[%clk 0:00:44]} 29. a5 {[%clk 0:01:08]} e4 {[%clk 0:00:38]}
30. Bc4 {[%clk 0:00:46]} exf3 {[%clk 0:00:30]} 31. gxf3 {[%clk 0:00:48]} Nc6
{[%clk 0:00:30]} 32. b4 {[%clk 0:00:43]} Ne5 {[%clk 0:00:28]} 33. Be2
{[%clk 0:00:44]} f4 {[%clk 0:00:15]} 34. Re1 {[%clk 0:00:32]} Rc7
{[%clk 0:00:16]} 35. Bd4 {[%clk 0:00:24]} Nc6 {[%clk 0:00:15]} 36. Bxf6+
{[%clk 0:00:21]} Kxf6 {[%clk 0:00:17]} 37. Kd2 {[%clk 0:00:13]} Re7
{[%clk 0:00:16]} 38. Bd3 {[%clk 0:00:10]} Rxe1 {[%clk 0:00:16]} 39. Kxe1
{[%clk 0:00:12]} g5 {[%clk 0:00:16]} 40. hxg5+ {[%clk 0:00:12]} Kxg5
{[%clk 0:00:18]} 41. Be4 {[%clk 0:00:11]} Kf6 {[%clk 0:00:11]} 42. Kf2
{[%clk 0:00:10]} Ke5 {[%clk 0:00:09]} 43. Kg2 {[%clk 0:00:11]} Kd6
{[%clk 0:00:08]} 44. Kh3 {[%clk 0:00:12]} Kc7 {[%clk 0:00:07]} 45. Kh4
{[%clk 0:00:13]} Ne5 {[%clk 0:00:07]} 46. Kxh5 {[%clk 0:00:14]} Nc4
{[%clk 0:00:07]} 47. Kg5 {[%clk 0:00:13]} Nd6 {[%clk 0:00:05]} 48. Bd3
{[%clk 0:00:11]} b6 {[%clk 0:00:04]} 49. axb6+ Kxb6 {[%clk 0:00:05]} 50. Kxf4
{[%clk 0:00:10]} a5 {[%clk 0:00:05]} 51. bxa5+ {[%clk 0:00:11]} Kxa5
{[%clk 0:00:06]} 52. Ke5 {[%clk 0:00:12]} 1-0

[Event "Team Championship Russia (Blitz, Men)"]
[Site "Sochi"]
[Date "2018.10.10"]
[Round "5.18"]
[White "Sergeyev, Alexander"]
[Black "Alekseev, Evgeny"]
[Result "0-1"]
[BlackElo "2629"]
[WhiteElo "2277"]
[LiveChessVersion "1.4.8"]

1. e4 {[%clk 0:03:03]} c5 {[%clk 0:03:03]} 2. Nc3 {[%clk 0:03:04]} e6
{[%clk 0:03:00]} 3. g3 {[%clk 0:03:04]} Nc6 {[%clk 0:02:55]} 4. Bg2
{[%clk 0:03:05]} Nf6 {[%clk 0:02:44]} 5. d3 {[%clk 0:03:03]} d5 {[%clk 0:02:22]}
6. exd5 {[%clk 0:02:30]} Nxd5 {[%clk 0:02:22]} 7. Nge2 {[%clk 0:02:28]} Nxc3
{[%clk 0:02:13]} 8. Nxc3 {[%clk 0:02:28]} Be7 {[%clk 0:02:12]} 9. O-O
{[%clk 0:02:27]} O-O {[%clk 0:02:13]} 10. Bxc6 {[%clk 0:02:21]} bxc6
{[%clk 0:02:14]} 11. Qf3 {[%clk 0:02:21]} e5 {[%clk 0:01:59]} 12. Be3
{[%clk 0:02:17]} Rb8 {[%clk 0:01:53]} 13. b3 {[%clk 0:02:03]} f5 {[%clk 0:01:24]}
14. Na4 {[%clk 0:01:57]} f4 {[%clk 0:01:18]} 15. Bxc5 {[%clk 0:01:41]} fxg3
{[%clk 0:01:15]} 16. Qxg3 {[%clk 0:01:26]} Rf4 {[%clk 0:01:13]} 17. Kh1
{[%clk 0:01:02]} Bh4 {[%clk 0:00:37]} 18. Qg2 {[%clk 0:00:47]} Bg4
{[%clk 0:00:37]} 19. f3 {[%clk 0:00:44]} Bh5 {[%clk 0:00:37]} 20. Be3
{[%clk 0:00:38]} Rf5 {[%clk 0:00:30]} 21. Nc5 {[%clk 0:00:38]} Qd5
{[%clk 0:00:27]} 22. Ne4 {[%clk 0:00:38]} Rbf8 {[%clk 0:00:28]} 23. Nd2
{[%clk 0:00:09]} Bd8 {[%clk 0:00:23]} 24. Rg1 {[%clk 0:00:06]} Qf7
{[%clk 0:00:21]} 25. Raf1 {[%clk 0:00:08]} Ba5 {[%clk 0:00:20]} 26. Ne4
{[%clk 0:00:04]} Bxf3 {[%clk 0:00:11]} 27. Rxf3 {[%clk 0:00:05]} Rxf3
{[%clk 0:00:12]} 28. Ng5 {[%clk 0:00:07]} Qf5 {[%clk 0:00:11]} 29. Nxf3
{[%clk 0:00:04]} Qxf3 {[%clk 0:00:12]} 30. Qxf3 {[%clk 0:00:04]} Rxf3
{[%clk 0:00:13]} 31. Bxa7 {[%clk 0:00:00]} Kf7 {[%clk 0:00:13]} 0-1

[Event "Team Championship Russia (Blitz, Men)"]
[Site "Sochi"]
[Date "2018.10.10"]
[Round "5.19"]
[White "Usmanov, Vasily"]
[Black "Belyakov, Bogdan"]
[Result "1-0"]
[BlackElo "2464"]
[WhiteElo "2446"]
[LiveChessVersion "1.4.8"]

1. d4 {[%clk 0:03:03]} Nf6 {[%clk 0:03:04]} 2. Bg5 {[%clk 0:03:04]} c5
{[%clk 0:03:03]} 3. Bxf6 {[%clk 0:03:04]} gxf6 {[%clk 0:03:03]} 4. d5
{[%clk 0:03:04]} Qb6 {[%clk 0:02:57]} 5. Qc1 {[%clk 0:03:03]} f5 {[%clk 0:02:56]}
6. c4 {[%clk 0:02:58]} Bg7 {[%clk 0:02:56]} 7. Nc3 {[%clk 0:02:59]} d6
{[%clk 0:02:56]} 8. e3 {[%clk 0:02:58]} Nd7 {[%clk 0:02:56]} 9. Nge2
{[%clk 0:02:46]} Ne5 {[%clk 0:02:45]} 10. Nf4 {[%clk 0:02:46]} Rg8
{[%clk 0:02:22]} 11. Be2 {[%clk 0:02:40]} Bd7 {[%clk 0:02:22]} 12. Qc2
{[%clk 0:02:37]} O-O-O {[%clk 0:02:10]} 13. a3 {[%clk 0:01:57]} Kb8
{[%clk 0:02:10]} 14. O-O {[%clk 0:01:54]} Bh6 {[%clk 0:02:06]} 15. Kh1
{[%clk 0:01:52]} Ng4 {[%clk 0:01:58]} 16. Bd3 {[%clk 0:01:38]} e6
{[%clk 0:01:51]} 17. Rae1 {[%clk 0:01:37]} Ne5 {[%clk 0:01:43]} 18. Nh5
{[%clk 0:01:36]} Rg6 {[%clk 0:01:24]} 19. Nf4 {[%clk 0:01:20]} Rgg8
{[%clk 0:01:24]} 20. Nce2 {[%clk 0:01:13]} Nxd3 {[%clk 0:01:23]} 21. Qxd3
{[%clk 0:01:11]} e5 {[%clk 0:01:24]} 22. Nh5 {[%clk 0:01:10]} Rg5
{[%clk 0:01:18]} 23. Nf6 {[%clk 0:01:09]} Bc8 {[%clk 0:01:18]} 24. f4
{[%clk 0:01:07]} e4 {[%clk 0:01:15]} 25. Qc3 {[%clk 0:01:00]} Rg6
{[%clk 0:01:16]} 26. Nh5 {[%clk 0:00:47]} Rdg8 {[%clk 0:01:17]} 27. Neg3
{[%clk 0:00:46]} Qd8 {[%clk 0:01:18]} 28. Kg1 {[%clk 0:00:31]} Qh4
{[%clk 0:01:18]} 29. Re2 {[%clk 0:00:31]} Bf8 {[%clk 0:01:16]} 30. b4
{[%clk 0:00:32]} cxb4 {[%clk 0:01:13]} 31. axb4 {[%clk 0:00:33]} Rh6
{[%clk 0:01:12]} 32. c5 {[%clk 0:00:28]} Rxh5 {[%clk 0:01:11]} 33. Nxh5 Qxh5
{[%clk 0:01:12]} 34. Rc2 {[%clk 0:00:28]} dxc5 {[%clk 0:00:48]} 35. bxc5
{[%clk 0:00:29]} Qg6 {[%clk 0:00:46]} 36. Rb1 {[%clk 0:00:29]} Qa6
{[%clk 0:00:45]} 37. Qb3 {[%clk 0:00:27]} Qd3 {[%clk 0:00:42]} 38. Rc3
{[%clk 0:00:28]} Qe2 {[%clk 0:00:35]} 39. g3 {[%clk 0:00:29]} h5 {[%clk 0:00:29]}
40. d6 {[%clk 0:00:30]} Qd2 {[%clk 0:00:23]} 41. Qxf7 {[%clk 0:00:28]} Rg7
{[%clk 0:00:19]} 42. Rxb7+ {[%clk 0:00:17]} Bxb7 {[%clk 0:00:16]} 43. Qxf8+
{[%clk 0:00:18]} Bc8 {[%clk 0:00:15]} 44. Qxg7 {[%clk 0:00:13]} Qd1+
{[%clk 0:00:12]} 45. Kf2 {[%clk 0:00:14]} Qd2+ {[%clk 0:00:11]} 46. Kg1
{[%clk 0:00:15]} Qd1+ {[%clk 0:00:12]} 47. Kg2 Bd7 48. Qg8+ {[%clk 0:00:15]} Kb7
{[%clk 0:00:13]} 49. Qb3+ {[%clk 0:00:15]} Qxb3 {[%clk 0:00:13]} 50. Rxb3+
{[%clk 0:00:16]} Kc6 {[%clk 0:00:15]} 51. Ra3 {[%clk 0:00:17]} Kxc5
{[%clk 0:00:15]} 52. Rxa7 {[%clk 0:00:18]} Kxd6 {[%clk 0:00:17]} 53. Kh3
{[%clk 0:00:18]} Kd5 1-0

[Event "Team Championship Russia (Blitz, Men)"]
[Site "Sochi"]
[Date "2018.10.10"]
[Round "5.20"]
[White "Savitskiy, Sergey"]
[Black "Romanov, Evgeny"]
[Result "0-1"]
[BlackElo "2523"]
[WhiteElo "2283"]
[LiveChessVersion "1.4.8"]

1. e4 {[%clk 0:03:03]} c5 {[%clk 0:03:04]} 2. Nf3 {[%clk 0:03:04]} a6
{[%clk 0:03:05]} 3. Nc3 {[%clk 0:03:05]} b5 {[%clk 0:03:06]} 4. d4
{[%clk 0:03:06]} cxd4 {[%clk 0:03:07]} 5. Nxd4 {[%clk 0:03:07]} Bb7
{[%clk 0:03:08]} 6. a3 {[%clk 0:03:01]} g6 {[%clk 0:03:03]} 7. h4
{[%clk 0:02:56]} h5 {[%clk 0:03:02]} 8. Bg5 {[%clk 0:02:52]} Bg7 {[%clk 0:03:01]}
9. Qd2 {[%clk 0:02:53]} Nc6 {[%clk 0:02:54]} 10. Nde2 {[%clk 0:02:37]} Ne5
{[%clk 0:02:48]} 11. Rd1 {[%clk 0:02:25]} Nc4 {[%clk 0:02:40]} 12. Qc1
{[%clk 0:02:26]} Nf6 {[%clk 0:02:41]} 13. f3 {[%clk 0:02:27]} Rc8
{[%clk 0:02:37]} 14. g3 {[%clk 0:02:20]} O-O {[%clk 0:02:30]} 15. Bg2
{[%clk 0:02:21]} Nh7 {[%clk 0:02:14]} 16. Be3 {[%clk 0:02:13]} Nxe3
{[%clk 0:02:09]} 17. Qxe3 {[%clk 0:02:13]} Qc7 {[%clk 0:02:04]} 18. Bh3
{[%clk 0:02:08]} e6 {[%clk 0:02:03]} 19. O-O {[%clk 0:01:55]} d6 {[%clk 0:01:59]}
20. Rd2 {[%clk 0:01:44]} Nf6 {[%clk 0:01:58]} 21. Rfd1 {[%clk 0:01:45]} Rfd8
{[%clk 0:01:59]} 22. Kg2 {[%clk 0:01:18]} Ne8 {[%clk 0:01:30]} 23. Nd4
{[%clk 0:01:14]} Qe7 {[%clk 0:01:28]} 24. Nce2 {[%clk 0:01:11]} Rc4
{[%clk 0:01:11]} 25. c3 {[%clk 0:01:10]} Kh7 {[%clk 0:01:12]} 26. Kh2
{[%clk 0:01:07]} Bh6 {[%clk 0:01:12]} 27. f4 {[%clk 0:01:09]} e5 {[%clk 0:01:10]}
28. Nf3 {[%clk 0:00:23]} Rxe4 {[%clk 0:01:10]} 29. Qf2 {[%clk 0:00:22]} exf4
{[%clk 0:01:06]} 30. Nxf4 {[%clk 0:00:23]} Rxf4 {[%clk 0:01:04]} 31. gxf4
{[%clk 0:00:23]} Bxf4+ {[%clk 0:01:05]} 32. Kg1 {[%clk 0:00:23]} Bxf3
{[%clk 0:00:44]} 33. Qxf3 {[%clk 0:00:24]} Bxd2 {[%clk 0:00:45]} 34. Rxd2
{[%clk 0:00:25]} Qe1+ {[%clk 0:00:46]} 0-1

[Event "Team Championship Russia (Blitz, Men)"]
[Site "Sochi"]
[Date "2018.10.10"]
[Round "5.21"]
[White "Girshgorn, Leonid"]
[Black "Rakhmanov, Aleksandr"]
[Result "0-1"]
[BlackElo "2578"]
[WhiteElo "2242"]
[LiveChessVersion "1.4.8"]

1. d4 {[%clk 0:03:03]} Nf6 {[%clk 0:03:03]} 2. Bf4 {[%clk 0:03:04]} d5
{[%clk 0:03:03]} 3. e3 {[%clk 0:03:05]} c6 {[%clk 0:03:04]} 4. c4
{[%clk 0:03:05]} Bf5 {[%clk 0:03:02]} 5. cxd5 {[%clk 0:02:52]} cxd5
{[%clk 0:03:03]} 6. Qb3 {[%clk 0:02:42]} Qb6 {[%clk 0:02:56]} 7. Qxb6
{[%clk 0:02:40]} axb6 {[%clk 0:02:58]} 8. Nc3 {[%clk 0:02:41]} e6
{[%clk 0:02:56]} 9. Nf3 {[%clk 0:02:42]} Nc6 {[%clk 0:02:57]} 10. Bb5
{[%clk 0:02:35]} Bb4 {[%clk 0:02:57]} 11. O-O {[%clk 0:02:32]} Ke7
{[%clk 0:02:54]} 12. a3 {[%clk 0:02:28]} Bxc3 {[%clk 0:02:30]} 13. bxc3
{[%clk 0:02:29]} Rhc8 {[%clk 0:02:31]} 14. Nh4 {[%clk 0:02:06]} Be4
{[%clk 0:02:27]} 15. Rfc1 {[%clk 0:02:00]} h6 {[%clk 0:02:25]} 16. Nf3
{[%clk 0:01:56]} Na5 {[%clk 0:02:26]} 17. Nd2 {[%clk 0:01:57]} Bh7
{[%clk 0:02:15]} 18. c4 {[%clk 0:01:22]} Bd3 {[%clk 0:02:13]} 19. f3
{[%clk 0:00:54]} Nxc4 {[%clk 0:01:46]} 20. Nxc4 {[%clk 0:00:53]} Bxc4
{[%clk 0:01:43]} 21. Bxc4 {[%clk 0:00:53]} Rxc4 {[%clk 0:01:36]} 22. Rxc4
{[%clk 0:00:48]} dxc4 {[%clk 0:01:37]} 23. e4 {[%clk 0:00:49]} Kd7
{[%clk 0:01:32]} 24. Kf2 {[%clk 0:00:50]} b5 {[%clk 0:01:31]} 25. Bd2
{[%clk 0:00:44]} Ng8 {[%clk 0:01:24]} 26. Ke3 {[%clk 0:00:45]} Ne7
{[%clk 0:01:25]} 27. Bc3 {[%clk 0:00:39]} f6 {[%clk 0:01:22]} 28. Kd2
{[%clk 0:00:21]} Nc6 {[%clk 0:01:23]} 29. d5 {[%clk 0:00:11]} exd5
{[%clk 0:01:23]} 30. exd5 {[%clk 0:00:13]} Ne7 {[%clk 0:01:24]} 31. Rb1
{[%clk 0:00:10]} Nxd5 {[%clk 0:01:25]} 32. Rxb5 {[%clk 0:00:09]} Kc6
{[%clk 0:01:26]} 33. Ra5 {[%clk 0:00:05]} Rxa5 {[%clk 0:01:20]} 34. Bxa5
{[%clk 0:00:06]} b6 {[%clk 0:01:21]} 0-1